000 00765nam a2200229 i 4500
001 49284
003 ES-MaACL
005 20250801090217.0
007 t|
008 030711s1972 sp ||||1| spa d
080 _a791.44.071.1(45)(049.3)
100 1 _aCortés, José Angel.
_940858
245 1 0 _aEntrevistas con directores de cine italiano /
_cJosé Ángel Cortés.
260 _aMadrid :
_bEmesa [Magisterio Español],
_c[1972]
300 _a263 p., 44 lám. ;
_c18 cm.
490 1 _aNovelas y cuentos ;
_v119. Cultura. Entrevistas
650 4 _aDirectores de cine-
_vEntrevistas.
_911927
650 4 _aCine-
_zItalia.
_9171022
830 1 0 _aNovelas y cuentos
_v119. Cultura. Entrevistas
_9179596
852 _aES-MaACL
_jC-50054
999 _c49284
_d49284